Normal view
MARC view
- QUANTITATIVE METHODS FOR FACILITY LAYOUT AND LOCATION
Entry Topical Term
001 - CONTROL NUMBER
- control field: 57167
003 - CONTROL NUMBER IDENTIFIER
- control field: NUST
005 - DATE AND TIME OF LATEST TRANSACTION
- control field: 20210628201850.0
008 - FIXED-LENGTH DATA ELEMENTS
- fixed length control field: 210628|| aca||aabn | a|a d
040 ## - CATALOGING SOURCE
- Original cataloging agency: NUST
- Transcribing agency: NUST
150 ## - HEADING--TOPICAL TERM
- Topical term or geographic name entry element: QUANTITATIVE METHODS FOR FACILITY LAYOUT AND LOCATION
670 ## - SOURCE DATA FOUND
- Source citation: Work cat.: (NUST): Francis, Richard.L ,Mcginnis, Leon. F ,White, John A 57166, Facility layout and location ,an analytical approach, 2002
